[Event "RUS-ch 1st League 59th"]
[Site "Tomsk"]
[Date "2006.09.05"]
[Round "3"]
[White "Grigoriants, Sergey"]
[Black "Khismatullin, Denis"]
[Result "0-1"]
[WhiteElo "2579"]
[BlackElo "2568"]
[PlyCount "92"]
[EventDate "2006.09.03"]
[EventType "swiss"]
[EventRounds "9"]
[EventCountry "RUS"]
[Source "ChessBase"]
[SourceDate "2006.11.01"]

1. d4 Nf6 2. c4 e6 3. Nf3 b6 4. a3 Bb7 5. Nc3 g6 6. Bf4 Bg7 7. e3 O-O 8. Be2 d6
9. O-O Nbd7 10. Qc2 Qe7 11. h3 Nh5 12. Bg5 f6 13. Bh4 g5 14. Nd2 gxh4 15. Bxh5
f5 16. Bf3 c6 17. Qa4 Rfc8 18. Ne2 Kh8 19. Rac1 Bh6 20. Qc2 Rg8 21. Kh1 Nf6 22.
b4 Rg7 23. Rg1 Rf8 24. b5 c5 25. dxc5 bxc5 26. Qd3 Bc8 27. Bc6 e5 28. Rcd1 e4
29. Qc3 Nh5 30. a4 Bg5 31. a5 Bf6 32. Qb3 Qc7 33. Qa4 Be5 34. Rb1 Be6 35. b6
axb6 36. axb6 Qf7 37. Qa2 f4 38. b7 Rgg8 39. Qb3 fxe3 40. Qxe3 Qxf2 41. Qxf2
Rxf2 42. b8=Q Rxe2 43. Qxg8+ Kxg8 44. Nxe4 Bf5 45. Rb8+ Kg7 46. Be8 Bg6 0-1

[Event "RUS-ch 1st League 59th"]
[Site "Tomsk"]
[Date "2006.09.07"]
[Round "5"]
[White "Riazantsev, Alexander"]
[Black "Ionov, Sergey"]
[Result "1-0"]
[WhiteElo "2622"]
[BlackElo "2517"]
[PlyCount "83"]
[EventDate "2006.09.03"]
[EventType "swiss"]
[EventRounds "9"]
[EventCountry "RUS"]
[Source "ChessBase"]
[SourceDate "2006.11.01"]

1. d4 Nf6 2. c4 e6 3. Nf3 b6 4. g3 Bb7 5. Bg2 Be7 6. O-O O-O 7. Nc3 Ne4 8. Bd2
Bf6 9. Rc1 c5 10. d5 exd5 11. cxd5 Nxd2 12. Nxd2 d6 13. Nde4 Be7 14. f4 Nd7 15.
g4 a6 16. a4 b5 17. axb5 axb5 18. Nxb5 Nf6 19. Nxf6+ Bxf6 20. g5 Ba6 21. gxf6
Bxb5 22. fxg7 Re8 23. Rf2 Re3 24. Qd2 Qe7 25. Bf3 Re8 26. Rc3 Kxg7 27. b4 c4
28. Qd4+ f6 29. Kf1 Rxc3 30. Rg2+ Kh8 31. Qxc3 Bd7 32. Rg3 Rc8 33. Be4 Qf8 34.
Kg1 Qh6 35. e3 Qf8 36. Bxh7 Kxh7 37. Qc2+ f5 38. Qg2 Qh6 39. Rh3 Re8 40. Rxh6+
Kxh6 41. Qg5+ Kh7 42. Qf6 1-0

[Event "RUS-ch 1st League 59th"]
[Site "Tomsk"]
[Date "2006.09.09"]
[Round "7"]
[White "Riazantsev, Alexander"]
[Black "Anisimov, Pavel"]
[Result "1/2-1/2"]
[WhiteElo "2622"]
[BlackElo "2515"]
[PlyCount "53"]
[EventDate "2006.09.03"]
[EventType "swiss"]
[EventRounds "9"]
[EventCountry "RUS"]
[Source "ChessBase"]
[SourceDate "2006.11.01"]

1. d4 Nf6 2. c4 e6 3. Nf3 b6 4. g3 Ba6 5. Qb3 Nc6 6. Nbd2 Na5 7. Qc3 c5 8. dxc5
bxc5 9. e4 Bb7 10. e5 Ne4 11. Nxe4 Bxe4 12. Bg2 Be7 13. O-O Nc6 14. Re1 Bg6 15.
Bf4 O-O 16. Rad1 Rb8 17. Rd2 Qc7 18. Bg5 Bxg5 19. Nxg5 Rfd8 20. Rd6 Nd4 21. Nf3
Nf5 22. Rd2 Bh5 23. Bh3 Bxf3 24. Bxf5 Ba8 25. Bc2 g6 26. f3 Qb6 27. Be4 1/2-1/2

[Event "RUS-ch 1st League 59th"]
[Site "Tomsk"]
[Date "2006.09.10"]
[Round "8"]
[White "Belozerov, Andrei"]
[Black "Alekseev, Evgeny"]
[Result "0-1"]
[WhiteElo "2518"]
[BlackElo "2644"]
[PlyCount "104"]
[EventDate "2006.09.03"]
[EventType "swiss"]
[EventRounds "9"]
[EventCountry "RUS"]
[Source "ChessBase"]
[SourceDate "2006.11.01"]

1. d4 Nf6 2. c4 e6 3. Nf3 b6 4. g3 Bb7 5. Bg2 Be7 6. O-O O-O 7. Nc3 Ne4 8. Qc2
Nxc3 9. Qxc3 c5 10. b3 d6 11. Bb2 Nd7 12. Rad1 Bf6 13. Qd2 Be7 14. d5 exd5 15.
cxd5 Bf6 16. e4 Re8 17. Rfe1 Rc8 18. Re3 Bxb2 19. Qxb2 Nf6 20. Nh4 g6 21. Qe2
Rc7 22. e5 dxe5 23. Rxe5 Rce7 24. f4 Qd6 25. Rxe7 Rxe7 26. Qb2 Ng4 27. f5 Ne3
28. f6 Re5 29. Re1 Ng4 30. Rxe5 Nxe5 31. Nf3 Ng4 32. Ng5 Qxf6 33. Qxf6 Nxf6 34.
d6 Bxg2 35. Kxg2 Kf8 36. Kf3 h6 37. Nh3 Ke8 38. Kf4 Kd7 39. Ke5 Ng4+ 40. Kd5 g5
41. a4 Nxh2 42. Nf2 f5 43. Nd3 Nf3 44. a5 h5 45. a6 g4 46. Nf4 h4 47. gxh4 Nxh4
48. Nh5 Ng6 49. Nf6+ Kd8 50. Nh5 f4 51. Kc6 g3 52. Ng7 Nf8 0-1

[Event "RUS-ch 1st League 59th"]
[Site "Tomsk"]
[Date "2006.09.10"]
[Round "8"]
[White "Vitiugov, Nikita"]
[Black "Tomashevsky, Evgeny"]
[Result "1/2-1/2"]
[WhiteElo "2555"]
[BlackElo "2594"]
[PlyCount "25"]
[EventDate "2006.09.03"]
[EventType "swiss"]
[EventRounds "9"]
[EventCountry "RUS"]
[Source "ChessBase"]
[SourceDate "2006.11.01"]

1. d4 Nf6 2. c4 e6 3. Nf3 b6 4. Nc3 Bb4 5. Bg5 Bb7 6. e3 h6 7. Bh4 Bxc3+ 8.
bxc3 d6 9. Nd2 Nbd7 10. f3 Qe7 11. e4 e5 12. Be2 Nf8 13. Bf2 1/2-1/2

[Event "Budapest FS09 GM"]
[Site "Budapest"]
[Date "2006.09.04"]
[Round "3"]
[White "Ilincic, Zlatko"]
[Black "Pedersen, Nicolai Vesterbaek"]
[Result "1-0"]
[WhiteElo "2515"]
[BlackElo "2513"]
[PlyCount "85"]
[EventDate "2006.09.02"]
[EventType "tourn"]
[EventRounds "13"]
[EventCountry "HUN"]
[EventCategory "8"]
[Source "ChessBase"]
[SourceDate "2006.11.01"]

1. d4 Nf6 2. c4 e6 3. Nf3 b6 4. g3 Ba6 5. Qa4 c5 6. Bg2 Bb7 7. O-O cxd4 8. Nxd4
Bxg2 9. Kxg2 Qc8 10. Rd1 Be7 11. Nc3 O-O 12. f3 a6 13. Bg5 h6 14. Bxf6 Bxf6 15.
Rac1 Bxd4 16. Rxd4 Nc6 17. Rdd1 f5 18. Qa3 b5 19. Qd6 Rf7 20. Nxb5 Rb8 21. a4
Qb7 22. b3 axb5 23. cxb5 Nd8 24. Rc7 Qa8 25. Rxd7 Rxd7 26. Qxd7 Nf7 27. Qxe6
Re8 28. Qc4 Kh7 29. Kf1 Ne5 30. Qd5 Qc8 31. a5 Re7 32. Qd8 Qc2 33. Rd2 Qc1+ 34.
Kg2 Ng6 35. Qd3 Qc5 36. Rc2 Qb4 37. a6 Re6 38. Qxf5 Re5 39. Qd3 Rxb5 40. Rc6
Rg5 41. a7 Qb7 42. Ra6 Qa8 43. Qe4 1-0

[Event "37th Rilton Cup"]
[Site "Stockholm SWE"]
[Date "2007.12.30"]
[Round "4"]
[White "Cramling, P."]
[Black "Wojtaszek, R."]
[Result "1/2-1/2"]
[WhiteElo "2531"]
[BlackElo "2635"]
[PlyCount "52"]
[EventDate "2007.12.27"]
[SourceDate "1999.07.01"]

1. d4 Nf6 2. Nf3 e6 3. c4 b6 4. g3 Ba6 5. Nbd2 Bb4 6. Qb3 c5 7. Bg2 Bb7 8. O-O
Nc6 9. a3 Bxd2 10. Bxd2 Nxd4 11. Nxd4 Bxg2 12. Kxg2 cxd4 13. Qd3 e5 14. f4 d6
15. fxe5 dxe5 16. Bg5 Qd6 17. Bxf6 gxf6 18. Rf5 Qc6+ 19. Kg1 O-O-O 20. Qf3 Qxf3
21. Rxf3 Rd6 22. Raf1 Kd7 23. Rxf6 Rxf6 24. Rxf6 Ke7 25. Rc6 Kd7 26. Rf6 Ke7
1/2-1/2

[Event "60th ch-RUS Superfinal"]
[Site "Moscow RUS"]
[Date "2007.12.19"]
[Round "2"]
[White "Rychagov, A."]
[Black "Tomashevsky, E."]
[Result "1/2-1/2"]
[WhiteElo "2528"]
[BlackElo "2646"]
[PlyCount "103"]
[EventDate "2007.12.18"]
[SourceDate "1999.07.01"]

1. d4 Nf6 2. c4 e6 3. Nf3 b6 4. g3 Ba6 5. b3 d5 6. cxd5 exd5 7. Bg2 Bb4+ 8. Bd2
Bd6 9. Nc3 O-O 10. O-O Re8 11. Re1 Bb7 12. Rc1 a6 13. Bg5 Nbd7 14. Nh4 h6 15.
Bd2 Ne4 16. Nxe4 dxe4 17. Nf5 Nf6 18. Qc2 Rc8 19. Bh3 Rb8 20. Nxd6 cxd6 21. Qc7
Qxc7 22. Rxc7 Nd5 23. Rc2 a5 24. Bd7 Re7 25. Bb5 Rc7 26. Rxc7 Nxc7 27. Ba4 Nd5
28. Rc1 Rd8 29. h4 Kf8 30. Bc6 Bxc6 31. Rxc6 Ke7 32. Bf4 h5 33. Kg2 Ke6 34. a4
f6 35. e3 Rd7 36. f3 f5 37. Kf2 Rd8 38. Ke2 Rd7 39. Kf2 Ke7 40. Bg5+ Kf7 41.
Bf4 Ke6 42. Ke2 Rd8 43. Kf2 g6 44. Ke2 Rd7 45. Kf2 Ke7 46. Bg5+ Kf7 47. Bf4 Ke6
48. Ke2 Rd8 49. Kf2 Rd7 50. Ke2 Rd8 51. Kf2 Rd7 52. Ke2 1/2-1/2

[Event "60th ch-RUS Superfinal"]
[Site "Moscow RUS"]
[Date "2007.12.24"]
[Round "6"]
[White "Grischuk, A."]
[Black "Tomashevsky, E."]
[Result "1-0"]
[WhiteElo "2715"]
[BlackElo "2646"]
[PlyCount "89"]
[EventDate "2007.12.18"]
[SourceDate "1999.07.01"]

1. d4 Nf6 2. c4 e6 3. Nf3 b6 4. g3 Ba6 5. Qc2 Bb4+ 6. Bd2 Be7 7. Bg2 c6 8. O-O
d5 9. b3 O-O 10. Rd1 Nbd7 11. Bf4 Rc8 12. Nc3 h6 13. h3 Nh5 14. Bc1 f5 15. a4
Bd6 16. a5 bxa5 17. Ba3 Bxa3 18. Rxa3 dxc4 19. Rda1 c5 20. Rxa5 cxd4 21. Nxd4
cxb3 22. Qxb3 Bc4 23. Qd1 Ndf6 24. Rxa7 Qd6 25. e3 Kh8 26. g4 fxg4 27. hxg4 Nf4
28. exf4 Qxf4 29. Nce2 Qxg4 30. Ng3 Qf4 31. Nf3 e5 32. Qd6 Rce8 33. Re7 Rxe7
34. Qxe7 Re8 35. Qb4 Bd5 36. Qxf4 exf4 37. Nf5 Be6 38. N5d4 Bd5 39. Nh4 Bxg2
40. Kxg2 Kh7 41. Ra7 Re1 42. Kf3 Kg8 43. Ng6 Rg1 44. Nxf4 h5 45. Nde6 1-0

[Event "XX Carlos Torre Magistral"]
[Site "Merida MEX"]
[Date "2007.12.20"]
[Round "7"]
[White "Tregubov, P."]
[Black "Hernandez Carmenates, Hold"]
[Result "1-0"]
[WhiteElo "2609"]
[BlackElo "2566"]
[PlyCount "121"]
[EventDate "2007.12.15"]
[SourceDate "1999.07.01"]

1. d4 Nf6 2. c4 e6 3. Nf3 b6 4. g3 Bb7 5. Bg2 Be7 6. Nc3 O-O 7. Qc2 c5 8. d5
exd5 9. cxd5 Na6 10. Nh4 d6 11. Nf5 Re8 12. O-O Bf8 13. a3 Bc8 14. Rb1 Nc7 15.
b4 Bxf5 16. Qxf5 g6 17. Qc2 Nd7 18. Bf4 cxb4 19. axb4 a5 20. b5 Nc5 21. Na4
Nxa4 22. Qxa4 Rxe2 23. Rfc1 Ne8 24. Bf1 Re7 25. Bg5 f6 26. Be3 Rxe3 27. fxe3
Bh6 28. Qe4 a4 29. Rc3 a3 30. Ra1 f5 31. Qd3 Bg7 32. Raxa3 Bxc3 33. Rxc3 Nf6
34. Qd4 Nd7 35. e4 fxe4 36. Qxe4 Ne5 37. Bh3 Ra1+ 38. Kg2 Ra2+ 39. Rc2 Rxc2+
40. Qxc2 Kg7 41. Be6 h5 42. h4 Qf6 43. Qc7+ Kh6 44. Qc1+ g5 45. Qe3 Nc4 46.
hxg5+ Qxg5 47. Qf3 Ne5 48. Qf8+ Qg7 49. Qxd6 Qf6 50. Qa3 Kg7 51. Qe3 Nc4 52.
Qe2 Qb2 53. Qxb2+ Nxb2 54. d6 Kf6 55. Bd5 Nd1 56. Kf3 Nc3 57. Bc4 Na4 58. Ke4
Nc5+ 59. Kd5 Nb7 60. Kc6 Na5+ 61. Kc7 1-0

[Event "Bundesliga 2007-8"]
[Site "Baden Baden GER"]
[Date "2007.12.15"]
[Round "3"]
[White "Cyborowski, L."]
[Black "Lutz, Ch"]
[Result "1/2-1/2"]
[WhiteElo "2549"]
[BlackElo "2588"]
[PlyCount "91"]
[EventDate "2007.10.19"]
[SourceDate "1999.07.01"]

1. Nf3 Nf6 2. c4 b6 3. d4 e6 4. e3 Bb7 5. Bd3 d5 6. O-O Nbd7 7. Nc3 dxc4 8.
Bxc4 a6 9. a4 c5 10. d5 exd5 11. Nxd5 Nxd5 12. Bxd5 Ra7 13. Bxb7 Rxb7 14. Qe2
Qa8 15. e4 Be7 16. Bf4 O-O 17. Nd2 Rd8 18. Nc4 Nf8 19. a5 Ne6 20. Be5 b5 21.
Nb6 Qa7 22. Qg4 c4 23. Rad1 Rxd1 24. Rxd1 Bf8 25. h4 h6 26. h5 Rxb6 27. axb6
Qxb6 28. Qf5 Qc6 29. Bg3 b4 30. Qd5 Qa4 31. Rc1 c3 32. bxc3 b3 33. Rb1 Nc5 34.
Be5 Qa2 35. Rf1 Qc2 36. Bd6 Bxd6 37. Qxd6 Nxe4 38. Qc6 Nxc3 39. Kh2 Ne2 40.
Qe8+ Kh7 41. Qxf7 a5 42. Ra1 b2 43. Qg6+ Kh8 44. Rb1 Qc1 45. Qe8+ Kh7 46. Qg6+
1/2-1/2

[Event "15th Salona"]
[Site "Solin CRO"]
[Date "2007.12.12"]
[Round "6"]
[White "Georgiev, Vl"]
[Black "Romanishin, O."]
[Result "1/2-1/2"]
[WhiteElo "2576"]
[BlackElo "2547"]
[PlyCount "73"]
[EventDate "2007.12.07"]
[SourceDate "1999.07.01"]

1. d4 Nf6 2. c4 e6 3. Nf3 b6 4. a3 Bb7 5. Nc3 Ne4 6. Nxe4 Bxe4 7. e3 a5 8. b3
d6 9. Bd3 Bxd3 10. Qxd3 Nd7 11. O-O Be7 12. Bb2 O-O 13. Rac1 c5 14. Rfd1 Qc7
15. h4 h6 16. d5 e5 17. h5 Qc8 18. e4 Re8 19. Qe2 Nf8 20. Nh2 Bg5 21. Rc3 Nh7
22. Nf1 Bf4 23. Ng3 Bxg3 24. Rxg3 Ng5 25. Bc1 f6 26. Bxg5 fxg5 27. Rf3 Rf8 28.
Rxf8+ Kxf8 29. Rd3 Ra7 30. Rf3+ Rf7 31. Rxf7+ Kxf7 32. Kh2 g6 33. Qf3+ Kg7 34.
hxg6 Kxg6 35. g4 Kg7 36. Kg3 Qf8 37. Qxf8+ 1/2-1/2

[Event "Bundesliga 2007-8"]
[Site "Eppingen GER"]
[Date "2007.12.09"]
[Round "6"]
[White "Halkias, S."]
[Black "Medvegy, Z."]
[Result "1/2-1/2"]
[WhiteElo "2590"]
[BlackElo "2512"]
[PlyCount "76"]
[EventDate "2007.10.19"]
[SourceDate "1999.07.01"]

1. d4 Nf6 2. c4 e6 3. Nf3 b6 4. Nc3 Bb4 5. Bg5 Bb7 6. Nd2 h6 7. Bh4 Be7 8. e4
Nxe4 9. Bxe7 Nxc3 10. Qf3 Qc8 11. Qxc3 Kxe7 12. Bd3 d6 13. O-O Nd7 14. d5 Nf6
15. Rae1 Re8 16. dxe6 Kf8 17. exf7 Kxf7 18. f3 Bc6 19. Qc2 Kg8 20. Nb3 Rxe1 21.
Rxe1 Qf8 22. Nd4 Re8 23. Ne6 Qe7 24. Bg6 Ra8 25. Kf1 Be8 26. Bf5 Qf7 27. Nf4
Bd7 28. Bg6 Qf8 29. h4 Rd8 30. g4 d5 31. cxd5 Qd6 32. Qc4 Nxg4 33. Ne6 Qh2 34.
fxg4 Qh3+ 35. Kf2 Qh2+ 36. Kf1 Qh3+ 37. Kf2 Qh2+ 38. Kf3 Qh3+ 1/2-1/2

[Event "World Cup"]
[Site "Khanty-Mansiysk RUS"]
[Date "2007.12.01"]
[Round "3.2"]
[White "Ponomariov, R."]
[Black "Tomashevsky, E."]
[Result "1-0"]
[WhiteElo "2705"]
[BlackElo "2646"]
[PlyCount "123"]
[EventDate "2007.11.24"]
[SourceDate "1999.07.01"]

1. d4 Nf6 2. c4 e6 3. Nf3 b6 4. g3 Ba6 5. b3 d5 6. Bg2 dxc4 7. Ne5 Bb4+ 8. Kf1
Bd6 9. Nd2 Nbd7 10. Nc6 Qc8 11. Nxc4 Bb7 12. Qd3 Nb8 13. N6e5 O-O 14. Bb2 Bxg2+
15. Kxg2 Qb7+ 16. Qf3 Ne4 17. Rac1 f6 18. Nd2 fxe5 19. Qxe4 Qxe4+ 20. Nxe4 exd4
21. Bxd4 Na6 22. Rhd1 Rfd8 23. Nxd6 cxd6 24. Be3 Kf7 25. Rc6 d5 26. Rd4 Rd7 27.
Rf4+ Ke7 28. Rg4 Kf7 29. Rf4+ Ke7 30. Rg4 Kf7 31. Bd4 Rg8 32. Rc8 e5 33. Rxg8
Kxg8 34. Bxe5 Nc5 35. Rd4 Kf7 36. Rd2 g5 37. f3 h5 38. b4 Ke6 39. Bd4 Na6 40.
a3 Nc7 41. Be3 g4 42. a4 Ne8 43. Rd4 Rg7 44. Bf4 Nf6 45. Rd3 Rd7 46. Re3+ Kf7
47. Be5 Ng8 48. h3 gxh3+ 49. Kxh3 Ne7 50. b5 a6 51. Rb3 axb5 52. Rxb5 Ra7 53.
Rxb6 Rxa4 54. Rf6+ Ke8 55. Bd6 Nc8 56. Bf4 Ra2 57. e3 Ne7 58. Bg5 Nc8 59. Rh6
Rf2 60. Rh8+ Kd7 61. Rd8+ Kc7 62. Rxd5 1-0

[Event "Bundesliga 2007-8"]
[Site "Katernberg GER"]
[Date "2007.11.23"]
[Round "7"]
[White "Tregubov, P."]
[Black "Postny, E."]
[Result "1/2-1/2"]
[WhiteElo "2609"]
[BlackElo "2599"]
[PlyCount "88"]
[EventDate "2007.10.19"]
[SourceDate "1999.07.01"]

1. d4 Nf6 2. c4 e6 3. Nf3 b6 4. g3 Ba6 5. Nbd2 Bb4 6. Qc2 Bb7 7. Bg2 c5 8. a3
Bxd2+ 9. Qxd2 cxd4 10. Qxd4 Nc6 11. Qf4 O-O 12. b4 d5 13. Bb2 dxc4 14. Rd1 Qe7
15. Qxc4 Rac8 16. Qh4 Ba6 17. Ng5 h6 18. Ne4 Nd5 19. Bf3 Rfd8 20. Qxe7 Ncxe7
21. Rd2 f5 22. Nc3 Nxc3 23. Bxc3 Bc4 24. Rxd8+ Rxd8 25. O-O Bd5 26. Kg2 Rc8 27.
Rc1 Kf7 28. Bb2 Rxc1 29. Bxc1 e5 30. Bxd5+ Nxd5 31. f3 Ke6 32. e4 fxe4 33. fxe4
Nc3 34. Kf3 b5 35. g4 Na4 36. h4 a6 37. h5 Kf6 38. Bd2 Nb6 39. g5+ hxg5 40. Kg4
Nc4 41. Bxg5+ Ke6 42. Bc1 Nd6 43. Kf3 Ne8 44. Bg5 Nd6 1/2-1/2

[Event "SPICE Cup"]
[Site "Lubbock USA"]
[Date "2007.11.12"]
[Round "5"]
[White "Hera, I."]
[Black "Gulko, B."]
[Result "1/2-1/2"]
[WhiteElo "2544"]
[BlackElo "2571"]
[PlyCount "56"]
[EventDate "2007.11.09"]
[SourceDate "1999.07.01"]

1. d4 Nf6 2. Nf3 e6 3. c4 b6 4. g3 Bb7 5. Bg2 Be7 6. O-O O-O 7. Nc3 Ne4 8. Bd2
f5 9. Qc2 Nxc3 10. Bxc3 Be4 11. Qa4 Bf6 12. Rfd1 d6 13. Rac1 Qd7 14. Qb3 Nc6
15. Ne1 Bxg2 16. Nxg2 a5 17. Qb5 Qe8 18. d5 Bxc3 19. Rxc3 Nd8 20. Ne3 Qf7 21.
f4 a4 22. Ra3 Ra5 23. Qb4 Qd7 24. Qc3 Re8 25. b4 axb3 26. Rxa5 bxa5 27. axb3
Nb7 28. Nc2 exd5 1/2-1/2

[Event "SPICE Cup"]
[Site "Lubbock USA"]
[Date "2007.11.16"]
[Round "9"]
[White "Perelshteyn, E."]
[Black "Gulko, B."]
[Result "1/2-1/2"]
[WhiteElo "2536"]
[BlackElo "2571"]
[PlyCount "60"]
[EventDate "2007.11.09"]
[SourceDate "1999.07.01"]

1. d4 Nf6 2. c4 e6 3. Nf3 b6 4. g3 Bb7 5. Bg2 Be7 6. O-O O-O 7. d5 exd5 8. Nh4
c6 9. cxd5 Nxd5 10. Nf5 Nc7 11. e4 d5 12. Nc3 Re8 13. Bf4 Nba6 14. Qg4 g6 15.
Nh6+ Kg7 16. Nf5+ Kh8 17. Nh6 Rf8 18. Rad1 Bf6 19. exd5 Nxd5 20. Ne4 Bc8 21.
Qe2 Nxf4 22. Nxf7+ Kg7 23. gxf4 Qe7 24. Ne5 Bxe5 25. fxe5 Qxe5 26. f4 Qe7 27.
Qc4 Nc5 28. Qc3+ Kg8 29. Nxc5 Qxc5+ 30. Qxc5 bxc5 1/2-1/2

[Event "ch-ESP ko 3rd-4th"]
[Site "Ayamonte ESP"]
[Date "2007.11.15"]
[Round "4.1"]
[White "San Segundo Carrillo, P."]
[Black "Khamrakulov, I."]
[Result "1/2-1/2"]
[WhiteElo "2536"]
[BlackElo "2604"]
[PlyCount "29"]
[EventDate "2007.11.09"]
[SourceDate "1999.07.01"]

1. d4 Nf6 2. c4 e6 3. Nf3 b6 4. g3 Ba6 5. b3 b5 6. cxb5 Bxb5 7. Nc3 Ba6 8. Bg2
d5 9. b4 Be7 10. O-O O-O 11. Rb1 Nbd7 12. Re1 c6 13. Bf4 Bc4 14. Nd2 Nb6 15. b5
1/2-1/2

[Event "2nd MAIG Team Standard"]
[Site "Macau CHN"]
[Date "2007.10.29"]
[Round "4"]
[White "Kazhgaleyev, M."]
[Black "Nguyen Anh Dung"]
[Result "1/2-1/2"]
[WhiteElo "2599"]
[BlackElo "2537"]
[PlyCount "122"]
[EventDate "2007.10.28"]
[SourceDate "1999.07.01"]

1. d4 Nf6 2. c4 e6 3. Nf3 b6 4. g3 Ba6 5. Qc2 c5 6. d5 exd5 7. cxd5 g6 8. Nc3
Bg7 9. a4 O-O 10. Bg2 d6 11. O-O Nbd7 12. h3 Qe7 13. Re1 Nh5 14. e4 Ne5 15.
Nxe5 dxe5 16. Be3 Rac8 17. Qd2 Rfd8 18. Bf3 Nf6 19. Bg5 Qf8 20. Be2 Bxe2 21.
Qxe2 c4 22. Qf3 Qe7 23. d6 Rxd6 24. Nd5 Qe6 25. Bxf6 Bxf6 26. Kg2 Kg7 27. Qe3
Rdc6 28. a5 Be7 29. axb6 axb6 30. Ra7 Bc5 31. Qf3 Rb8 32. Rea1 b5 33. Ra8 Qe8
34. Rxb8 Qxb8 35. Ra5 Bd4 36. Qa3 b4 37. Qa4 Rc5 38. Rxc5 Bxc5 39. Qc6 Qd6 40.
Qb5 c3 41. bxc3 bxc3 42. Qc4 Bd4 43. Nxc3 Qb6 44. Nd1 Qb1 45. Qe2 h5 46. Qf3
Qc1 47. h4 Qd2 48. Kf1 Kf8 49. Qb3 Ke7 50. Qa3+ Kf6 51. Qf3+ Kg7 52. Qe2 Qc1
53. Qd3 Kf8 54. Ke2 Kg7 55. Ne3 Bxe3 56. Qxe3 Qc2+ 57. Kf3 Qd1+ 58. Kg2 Qb1 59.
Qe2 Qb4 60. Qd3 Qc5 61. Kf3 Kf6 1/2-1/2

[Event "22nd GP Open A"]
[Site "Le Touquet FRA"]
[Date "2007.10.29"]
[Round "4"]
[White "Kunin, V."]
[Black "Brodsky, M."]
[Result "1/2-1/2"]
[WhiteElo "2507"]
[BlackElo "2597"]
[PlyCount "40"]
[EventDate "2007.10.27"]
[SourceDate "1999.07.01"]

1. d4 Nf6 2. c4 e6 3. Nf3 b6 4. g3 Bb7 5. Bg2 Be7 6. O-O O-O 7. Nc3 Ne4 8. Nxe4
Bxe4 9. Ne1 Bxg2 10. Nxg2 d5 11. cxd5 exd5 12. Bf4 Qd7 13. Rc1 Rc8 14. Qd3 a5
15. Rfd1 Na6 16. a3 c6 17. Rc2 Rd8 18. Qf3 Rac8 19. h4 a4 20. Ne3 Qe6 1/2-1/2

[Event "22nd GP Open A"]
[Site "Le Touquet FRA"]
[Date "2007.11.01"]
[Round "8"]
[White "Feller, S."]
[Black "Brodsky, M."]
[Result "1/2-1/2"]
[WhiteElo "2513"]
[BlackElo "2597"]
[PlyCount "39"]
[EventDate "2007.10.27"]
[SourceDate "1999.07.01"]

1. d4 Nf6 2. c4 e6 3. Nf3 b6 4. g3 Ba6 5. Qa4 Bb7 6. Bg2 c5 7. dxc5 Bxc5 8. O-O
O-O 9. Nc3 Be7 10. Rd1 Na6 11. Bf4 Nc5 12. Qc2 Qc8 13. Rd4 d5 14. cxd5 exd5 15.
Rdd1 Nce4 16. Rac1 Nxc3 17. Qxc3 Qxc3 18. Rxc3 Rac8 19. Rdc1 Rxc3 20. Rxc3
1/2-1/2

[Event "Corsica Masters"]
[Site "Bastia FRA"]
[Date "2007.10.30"]
[Round "3.1"]
[White "Kasimdzhanov, R."]
[Black "Karpov, Ana"]
[Result "1-0"]
[WhiteElo "2690"]
[BlackElo "2670"]
[PlyCount "111"]
[EventDate "2007.10.29"]
[SourceDate "1999.07.01"]

1. d4 Nf6 2. c4 e6 3. Nf3 b6 4. g3 Ba6 5. b3 Bb4+ 6. Bd2 Be7 7. Bg2 c6 8. Bc3
d5 9. Ne5 Nfd7 10. Nxd7 Nxd7 11. Nd2 O-O 12. O-O Rc8 13. e4 dxe4 14. Nxe4 b5
15. Re1 bxc4 16. Bf1 Nb6 17. Rb1 Rb8 18. Nc5 Nd5 19. Ba1 Bxc5 20. dxc5 Qa5 21.
bxc4 Rxb1 22. Qxb1 Nf6 23. Bd4 Rd8 24. Rd1 h6 25. Be2 Ne8 26. Kg2 f6 27. Qe4 e5
28. Bc3 Qc7 29. Rxd8 Qxd8 30. Qxc6 Qc8 31. Qd5+ Kh8 32. c6 Nc7 33. Qd7 Ne6 34.
Bg4 Qxd7 35. cxd7 Nd8 36. Ba5 Nc6 37. d8=Q+ Nxd8 38. Bxd8 Bxc4 39. a3 Kg8 40.
Be7 Kf7 41. Bc5 a6 42. f4 exf4 43. gxf4 g5 44. f5 Bd3 45. Kf2 Ke8 46. Ke3 Bb1
47. Kd4 Kd7 48. Bf8 h5 49. Bxh5 Bxf5 50. Be2 a5 51. Kc5 Be4 52. Kb5 f5 53. Bh6
g4 54. Bf4 Ke6 55. Bc4+ Bd5 56. a4 1-0

[Event "Corsica Masters"]
[Site "Bastia FRA"]
[Date "2007.10.30"]
[Round "3.4"]
[White "Kasimdzhanov, R."]
[Black "Karpov, Ana"]
[Result "1-0"]
[WhiteElo "2690"]
[BlackElo "2670"]
[PlyCount "85"]
[EventDate "2007.10.29"]
[SourceDate "1999.07.01"]

1. d4 Nf6 2. c4 e6 3. Nf3 b6 4. g3 Ba6 5. b3 Bb4+ 6. Bd2 Be7 7. Bg2 c6 8. Bc3
Ne4 9. Ne5 Nxc3 10. Nxc3 O-O 11. O-O Bb7 12. e4 d6 13. Nf3 Nd7 14. Re1 a6 15.
Rc1 b5 16. d5 b4 17. Ne2 cxd5 18. cxd5 e5 19. Rc2 a5 20. Nc1 Qb6 21. Nd2 Qa7
22. Nd3 Ba6 23. Nc4 Nb6 24. Ndxe5 dxe5 25. Nxe5 Bb5 26. Nc6 Bxc6 27. Rxc6 Rac8
28. Rxc8 Rxc8 29. d6 Bd8 30. e5 Nd7 31. Bh3 Bb6 32. Re2 Rc5 33. e6 fxe6 34.
Bxe6+ Kf8 35. Bc4 Rf5 36. Qd3 g6 37. Qe4 Nf6 38. Qe6 Kg7 39. d7 Nxd7 40. Qe7+
Kh6 41. Qh4+ Rh5 42. Qf4+ Kg7 43. Re7+ 1-0

[Event "TCh-ROU Superliga"]
[Site "Predeal ROU"]
[Date "2007.10.18"]
[Round "6"]
[White "Iordachescu, V."]
[Black "Miroshnichenko, E."]
[Result "1/2-1/2"]
[WhiteElo "2567"]
[BlackElo "2651"]
[PlyCount "43"]
[EventDate "2007.10.13"]
[SourceDate "1999.07.01"]

1. c4 Nf6 2. Nf3 e6 3. d4 b6 4. g3 Ba6 5. b3 Bb4+ 6. Bd2 Be7 7. Bg2 c6 8. O-O
O-O 9. Bc3 d5 10. Nbd2 Nbd7 11. Re1 Bb7 12. Qc2 c5 13. dxc5 Nxc5 14. Qb2 Rc8
15. Red1 Rc7 16. a4 a5 17. cxd5 Bxd5 18. Ne5 Qa8 19. f3 Rfc8 20. Bd4 Ncd7 21.
Nec4 Qb8 22. e4 1/2-1/2

[Event "TCh-ROU Superliga"]
[Site "Predeal ROU"]
[Date "2007.10.19"]
[Round "7"]
[White "Kruppa, Y."]
[Black "Iordachescu, V."]
[Result "1/2-1/2"]
[WhiteElo "2533"]
[BlackElo "2567"]
[PlyCount "20"]
[EventDate "2007.10.13"]
[SourceDate "1999.07.01"]

1. d4 Nf6 2. c4 e6 3. Nf3 b6 4. g3 Ba6 5. b3 Bb4+ 6. Bd2 Be7 7. Nc3 O-O 8. Bg2
d5 9. cxd5 exd5 10. O-O Re8 1/2-1/2

[Event "TCh-ROU Superliga"]
[Site "Predeal ROU"]
[Date "2007.10.20"]
[Round "8"]
[White "Nisipeanu, LD."]
[Black "Miroshnichenko, E."]
[Result "1/2-1/2"]
[WhiteElo "2668"]
[BlackElo "2651"]
[PlyCount "80"]
[EventDate "2007.10.13"]
[SourceDate "1999.07.01"]

1. d4 Nf6 2. c4 e6 3. Nf3 b6 4. g3 Ba6 5. b3 Bb4+ 6. Bd2 Be7 7. Bg2 c6 8. Bc3
d5 9. Ne5 Nfd7 10. Nxd7 Nxd7 11. Nd2 O-O 12. O-O f5 13. e3 Bd6 14. a4 Nf6 15.
Qe2 Qe7 16. a5 b5 17. c5 Bc7 18. Nf3 Bc8 19. Ne5 Bd7 20. b4 Be8 21. f3 a6 22.
Kf2 g5 23. Ke1 h5 24. Kd2 Qg7 25. Kc2 Ra7 26. Kb3 g4 27. h3 gxf3 28. Bxf3 Bxe5
29. dxe5 Ne4 30. Bxe4 fxe4 31. g4 Rxf1 32. Rxf1 Rf7 33. Rf6 Rxf6 34. exf6 Qg5
35. Qh2 e5 36. Qxe5 Qxe5 37. Bxe5 hxg4 38. hxg4 Bd7 39. g5 Bf5 40. Kc3 Kf7
1/2-1/2

[Event "IV Open"]
[Site "Calvia ESP"]
[Date "2007.10.23"]
[Round "9"]
[White "Malakhatko, V."]
[Black "Kovalyov, A."]
[Result "1/2-1/2"]
[WhiteElo "2603"]
[BlackElo "2510"]
[PlyCount "65"]
[EventDate "2007.10.15"]
[SourceDate "1999.07.01"]

1. d4 Nf6 2. c4 e6 3. Nf3 b6 4. Nc3 Bb4 5. Bg5 h6 6. Bh4 g5 7. Bg3 Ne4 8. Qc2
Bb7 9. Nd2 Bxc3 10. bxc3 Nxg3 11. hxg3 d6 12. e3 Nd7 13. Rh2 Qe7 14. Be2 O-O-O
15. Bf3 f5 16. Bxb7+ Kxb7 17. a4 a5 18. Nb3 Ka7 19. Qe2 c5 20. Nd2 e5 21. d5 e4
22. Kd1 Nf6 23. Kc2 h5 24. Rhh1 h4 25. gxh4 gxh4 26. Rh2 Rh6 27. Rah1 Ng4 28.
Rh3 Rdh8 29. Kb3 Qg5 30. Rf1 Re8 31. Rfh1 Reh8 32. Rf1 Re8 33. Rfh1 1/2-1/2